000
00189 a2200085 4500
020
_a
9781465491114
100
_a
DK
245
_a
Woodworking: The Complete Step-by-Step Manual
260
_c
2020
999
_c
13227
_d
13227